The plastic film and foil web handling guide

Guardat en:
Dades bibliogràfiques
Autor principal: Hawkins, William
Format: Llibre
Idioma:Undetermined
Publicat: Boca Raton, FL. CRC Press 2002
Matèries:
Etiquetes: Afegir etiqueta
Sense etiquetes, Sigues el primer a etiquetar aquest registre!
Thư viện lưu trữ: Trung tâm Học liệu Trường Đại học Cần Thơ
LEADER 00533nam a2200193Ia 4500
001 CTU_117561
008 210402s9999 xx 000 0 und d
020 |c 118.17 
082 |a 621.86 
082 |b H393 
100 |a Hawkins, William 
245 4 |a The plastic film and foil web handling guide 
245 0 |c William Hawkins 
260 |a Boca Raton, FL. 
260 |b CRC Press 
260 |c 2002 
650 |a Papermaking machinery,Winding machines 
904 |i Minh 
980 |a Trung tâm Học liệu Trường Đại học Cần Thơ